Shopkeeping in Zambia (Record no. 57413)

MARC details
000 -LEADER
fixed length control field 00479nam a2200133 a 4500
008 - FIXED-LENGTH DATA ELEMENTS--GENERAL INFORMATION
fixed length control field 120416s1973 ||||||||||||||||| || u
050 ## - LIBRARY OF CONGRESS CALL NUMBER
Classification number HF 5429.6.Z2 Pol
100 ## - MAIN ENTRY--PERSONAL NAME
Personal name Pollock, R. N
245 10 - TITLE STATEMENT
Title Shopkeeping in Zambia
260 ## - PUBLICATION, DISTRIBUTION, ETC.
Place of publication, distribution, etc. Kitwe
Name of publisher, distributor, etc. Mindolo Ecumenical Foundation
Date of publication, distribution, etc. 1973
300 ## - PHYSICAL DESCRIPTION
Extent iii, 51p.
350 ## - PRICE (NR) (BK AM CF MU VM SE) [OBSOLETE]
Price 0.00
995 ## - RECOMMENDATION 995 [LOCAL, UNIMARC FRANCE]
-- 0.00
-- CBU-MAIN LIBRARY (Kitwe)
-- 1
-- 5.00
-- AVAILABLE
-- Main Library Open Access Collection
Holdings
Withdrawn status Lost status Source of classification or shelving scheme Damaged status Not for loan Home library Current library Shelving location Date acquired Total Checkouts Full call number Barcode Date last seen Price effective from Koha item type
          CBU-MAIN LIBRARY, KITWE. CBU-MAIN LIBRARY, KITWE.   11/30/2022   HF 5429.6.Z2 Pol 004937 11/30/2022 11/30/2022 MONOGRAPH